000 00686nam a22002177a 4500
003 OSt
005 20240712111328.0
008 240208s1983 ck er 000 0 spa d
037 _3Donación
040 _aCO-JMCR
_cCO-JMCR
_dCO-JMCR
_erda
_bspa
041 0 _aspa
082 0 4 _223
_a986.123
_bC33c
100 1 _aCasas, Ulises
_eautor
_943306
245 1 4 _aLos comuneros en el contexto de la lucha de clases /
_cUlises Casas
260 _aBogotá :
_bTemis ,
_c1983
300 _a188 páginas ;
_c21 cm.
650 1 4 _2JMCR
_aRebelion de los comuneros
_zColombia
_943307
650 2 4 _2JMCR
_aLucha de clases
_y1781
_943308
650 3 4 _aRebeliones
_xHistoria
_943309
942 _2ddc
_cBK
999 _c30539
_d16923